Bankopojištění
Skúsenosti s bankopoistením v krajinách Európskej únie - V. Británia, Francúzsko, Belgicko - dlhoročné skúsenosti, spolupráca bánk s poisťovňami. Trh životného poistenia v Nemecku, Taliansku, Švajčiarsku. Možnosti bankopoistenia v ČR.
Salvato in:
| Autore principale: | |
|---|---|
| Natura: | Capitolo di libro |
| Lingua: | ceco |
| Soggetti: | |
| Tags: |
Nessun Tag, puoi essere il primo ad aggiungerne!!
|
MARC
| LEADER | 00000naa a2200000 4500 | ||
|---|---|---|---|
| 001 | r030871 | ||
| 005 | 20230922093214.6 | ||
| 041 | 0 | |a cze | |
| 044 | |a CZ | ||
| 245 | 1 | 0 | |a Bankopojištění |c Václav Kodiš |
| 520 | |a Skúsenosti s bankopoistením v krajinách Európskej únie - V. Británia, Francúzsko, Belgicko - dlhoročné skúsenosti, spolupráca bánk s poisťovňami. Trh životného poistenia v Nemecku, Taliansku, Švajčiarsku. Možnosti bankopoistenia v ČR. | ||
| 610 | 2 | 0 | |a bankopoisťovne |
| 610 | 2 | 0 | |a poisťovne |
| 610 | 2 | 0 | |a trh poistný |
| 610 | 2 | 0 | |a poistenie životné |
| 610 | 2 | 0 | |a Veľká Británia |
| 610 | 2 | 0 | |a Francúzsko |
| 610 | 2 | 0 | |a Belgicko |
| 610 | 2 | 0 | |a Nemecko |
| 610 | 2 | 0 | |a Taliansko |
| 610 | 2 | 0 | |a Švajčiarsko |
| 610 | 2 | 0 | |a Česko |
| 100 | 1 | |a Kodiš, Václav | |